| 000 | 01123pam a2200277 a 4500 | ||
|---|---|---|---|
| 001 | 1637278 | ||
| 005 | 20080505142931.0 | ||
| 008 | 961125s1996 coub b 001 0 eng | ||
| 010 | _a 96049254 | ||
| 020 | _a0813333334 (alk. paper) | ||
| 020 | _a0813333342 (alk. paper) | ||
| 040 |
_aDLC _cDLC _dDLC |
||
| 050 | 0 | 0 |
_aHC800 _b.B77 1995 |
| 100 | 1 | _aBrown Barratt , Michael. | |
| 245 | 1 | 0 |
_aAfrica's choices : _bafter thirty years of the World Bank / _cMichael Barratt Brown. |
| 260 |
_aBoulder, Colo. : _bWestview Press, _c1996. |
||
| 300 |
_axiv, 433 p. : _bmap ; _c24 cm. |
||
| 504 | _aIncludes bibliographical references (p. [369]-414) and indexes.. | ||
| 610 | 2 | 0 |
_aWorld Bank _zAfrica. |
| 651 | 0 |
_aAfrica _xEconomic conditions. |
|
| 856 | 4 | 2 | _uhttp://www.loc.gov/catdir/enhancements/fy0833/96049254-d.html |
| 906 |
_a7 _bcbc _corignew _d1 _eocip _f19 _gy-gencatlg |
||
| 942 |
_2lcc _cBK |
||
| 999 |
_c38916 _d38916 |
||